LEADER 03085oam 2200649I 450 001 9910450959003321 005 20200520144314.0 010 $a1-134-80756-2 010 $a9786610408047 010 $a1-280-40804-9 010 $a0-203-13642-X 024 7 $a10.4324/9780203136423 035 $a(CKB)1000000000254486 035 $a(EBL)165665 035 $a(OCoLC)437073899 035 $a(SSID)ssj0000131281 035 $a(PQKBManifestationID)11148800 035 $a(PQKBTitleCode)TC0000131281 035 $a(PQKBWorkID)10018316 035 $a(PQKB)11260045 035 $a(MiAaPQ)EBC165665 035 $a(Au-PeEL)EBL165665 035 $a(CaPaEBR)ebr5001563 035 $a(CaONFJC)MIL40804 035 $a(OCoLC)50848427 035 $a(EXLCZ)991000000000254486 100 $a20180706d1996 uy 0 101 0 $aeng 135 $aur|n|---||||| 181 $ctxt 182 $cc 183 $acr 200 14$aThe counselling approach to careers guidance /$fLynda Ali and Barbara Graham ; edited by Susan Lendrum 210 1$aLondon ;$aNew York :$cRoutledge,$d1996. 215 $a1 online resource (205 p.) 300 $aDescription based upon print version of record. 311 $a0-415-12173-6 311 $a0-415-12172-8 320 $aIncludes bibliographical references (p. [190]) and index. 327 $aBook Cover; Title; Contents; Acknowledgements; Introduction to counselling in careers guidance; The counselling approach; Theoretical background to counselling; The model for a counselling approach; Counselling skills; Application of the model and skills in the careers interview; The immediate environment; The impact of the labour market; Tools available to the careers adviser; Carol: the context of guidance and the guidance interview; Training and development for guidance practitioners; Notes; Useful addresses; Select bibliography; Index 330 $aThrough detailed case material the authors show how to use counselling strategies with clients seeking careers guidance to enable them to change unhelpful patterns of thought and to move towards achievable goals. This book: * offers a series of tasks for structuring interviews and assesses materials available to careers counsellors * discusses important issues affecting their training and development within the public sector. This is a useful handbook for experienced advisers and trainees in the careers service and a range of professional settings. 606 $aVocational guidance$xStudy and teaching 606 $aCounseling$xStudy and teaching 608 $aElectronic books. 615 0$aVocational guidance$xStudy and teaching. 615 0$aCounseling$xStudy and teaching. 676 $a158.6 700 $aAli$b Lynda$f1946-,$0992342 701 $aGraham$b Barbara$f1947 Aug. 3-$0954827 701 $aLendrum$b Susan$f1942-$0895528 801 0$bMiAaPQ 801 1$bMiAaPQ 801 2$bMiAaPQ 906 $aBOOK 912 $a9910450959003321 996 $aThe counselling approach to careers guidance$92272292 997 $aUNINA LEADER 02121nas 2200625-a 450 001 9910895879903321 005 20260218111736.0 035 $a(DE-599)ZDB2092457-4 035 $a(CKB)110978977981426 035 $a(CONSER)---83644481- 035 $a(DE-599)2092457-4 035 $a(EXLCZ)99110978977981426 100 $a19800424a19uu9999 --- a 101 0 $aeng 181 $ctxt$2rdacontent 182 $cc$2rdamedia 183 $acr$2rdacarrier 200 10$aStatistical digest /$fBank of Jamaica 210 $a[Kingston] $cResearch Dept., Bank of Jamaica 215 $a1 online resource 311 08$aPrint version: Statistical digest (Bank of Jamaica) 0572-5968 (DLC) 83644481 (OCoLC)6241939 531 $aBANK OF JAMAICA STATISTICAL DIGEST 606 $aFinance$zJamaica$vStatistics$vPeriodicals 606 $aBanks and banking$zJamaica$vStatistics$vPeriodicals 606 $aBanks and banking$2fast$3(OCoLC)fst00826867 606 $aEconomic history$2fast$3(OCoLC)fst00901974 606 $aFinance$2fast$3(OCoLC)fst00924349 606 $aMonetäre Statistik$2stw 606 $aBankenstatistik$2stw 606 $aFinanzstatistik$2stw 606 $aJamaika$2stw 607 $aJamaica$xEconomic conditions$vStatistics$vPeriodicals 607 $aJamaica$2fast 608 $aPeriodicals.$2fast 608 $aStatistics.$2fast 608 $aPeriodicals.$2lcgft 615 0$aFinance 615 0$aBanks and banking 615 7$aBanks and banking. 615 7$aEconomic history. 615 7$aFinance. 615 7$aMonetäre Statistik. 615 7$aBankenstatistik. 615 7$aFinanzstatistik. 615 7$aJamaika. 676 $a330.97292/005 712 02$aBank of Jamaica.$bResearch Department. 712 02$aBank of Jamaica.$bResearch & Development Division. 712 02$aBank of Jamaica.$bResearch and Programming Division. 712 02$aBank of Jamaica.$bResearch & Economic Programming Division. 906 $aJOURNAL 912 $a9910895879903321 920 $aexl_impl conversion 996 $aStatistical Digest$91915969 997 $aUNINA